000 00534nam a2200193Ia 4500
008 191130s2010##################000#0#eng##
020 _a9788184894639
040 _aACL
_cACL
082 _a332.01513 ROM
100 _aRoman, Steven
245 _aIntroduction to the mathematics of finance
_cSteven Roman
260 _aBerlin
_bSpringer
_c2010
300 _axiv, 354 p. ; 23 cm
500 _aIncludes index
650 _aFinancial economic
990 _a34227644ac10000c363def339f2dc81b
991 _a153034
999 _c220152
_d220152